Normal view
MARC view
Entry Personal Name
001 - CONTROL NUMBER
- control field: 58141
003 - CONTROL NUMBER IDENTIFIER
- control field: OSt
005 - DATE AND TIME OF LATEST TRANSACTION
- control field: 20251210124556.0
008 - FIXED-LENGTH DATA ELEMENTS
- fixed length control field: 251210|| aca||aabn | a|a d
040 ## - CATALOGING SOURCE
- Original cataloging agency: OSt
- Transcribing agency: OSt
100 ## - HEADING--PERSONAL NAME
- Personal name: Chandra, Saurabh
670 ## - SOURCE DATA FOUND
- Source citation: Work cat.: (OSt)527658: Chandra, Saurabh , E-governance adaptation: A study of user perceptions and satisfaction in the Thiruvananthapuram municipal corporation, Kerala
